000 01369nam a2200409 a 4500
001 000108916
003 CHAP
005 20220329144030.0
008 140320s2013 it aj |r| ||||||eng d
010 _a105378
011 _a106350
020 _a9789253074037
040 _cCHAP
082 0 4 _a333
_bF211y v.1
245 1 0 _aGoverning land for women and men :
_ba technical guide to support the achievement of responsible gender-equitable governance land tenure /
_cpor FAO.
260 _aRoma :
_bFAO,
_c2013.
300 _avi, 110 p. :
_bdiagrs.
490 _aGovernance of tenure technical guide
_v; 1
590 _aE5995AHE
_b05
_c20140320
_lUCH01
_h0939
590 _aE5995AHE
_b05
_c20140730
_lUCH01
_h1026
590 _aE5995AHE
_b05
_c20140730
_lUCH01
_h1030
590 _aE5995AHE
_b05
_c20140730
_lUCH01
_h1040
590 _aE5995AHE
_b05
_c20140730
_lUCH01
_h1041
590 _aE5995AHE
_b05
_c20140731
_lUCH01
_h0828
590 _aE5995AHE
_b05
_c20140731
_lUCH01
_h0830
650 1 4 _aDerechos humanos.
_931916
650 1 4 _aEnfoque de género.
_936945
650 1 4 _aGobierno.
_948401
650 1 4 _aHombre.
_956037
650 1 4 _aPapel de la mujer.
_9125629
650 1 4 _aPolítica agrícola.
_990283
650 1 4 _aTierras
_xTenencia.
_9113130
830 0 _aGovernance of Tenure Technical Guide
_v; 1
_9126002
901 _aBK
942 _cLIBRO
942 _n0
999 _c105378
_d105378